City Comparisons - The Paris of... - Hard Version - Statistics

General Stats
  • This quiz has been taken 7 times
    5 since last reset
  • The average score is 11 of 26
Answer Stats
Letter Hint Answer % Correct
C Amsterdam of the North Copenhagen
80%
P Lisbon of the North Porto
80%
Z Vienna of the Balkans Zagreb
80%
N Chinese Rome Nanjing
60%
Q Chinese Munich Qingdao
60%
S Venice of the North St Petersburg
60%
T Prague of the North Tallinn
60%
W Chicago of China Wuhan
60%
A Zurich of Central Asia Almaty
40%
B Venice of the North Bruges
40%
D Florence of the Elbe Dresden
40%
G Amsterdam of the East Gdansk
40%
H Venice of the North Hamburg
40%
I Florence of the Alps Innsbruck
40%
J Rome of the East Jerusalem
40%
K New York of South East Asia Kuala Lumpur
40%
M London the Southern Hemisphere Melbourne
40%
R Capetown of the Americas Rio de Janeiro
40%
U Moscow of the Steppe Ulaanbaatar
40%
X Honolulu of China Xiamen
40%
Y London of South East Asia Yangon
40%
E Silicon Valley of Europe Eindhoven
20%
F Mecca of the West Fez
20%
L Gibraltar of the North Luxembourg
20%
V Rome of the North Vilnius
20%
O Marseille of the East Odessa
0%
No matching quizzes found
Score Distribution
Percent of People with Each Score
Percentile by Number Answered
Your Score History
You have not taken this quiz since the last reset